Estudio semidetallado de suelos y zonificación de tierras en la media y baja Guajira (Registro nro. 8415)

Detalles MARC
000 -CABECERA
Campo de control 00948nam a22002297a 4500
005 - FECHA Y HORA DE LA ULTIMA TRANSACCION
Campo de control 20140430094316.0
008 - ELEMENTOS DE LONGITUD FIJA—INFORMACION GENERAL
Campo de control 140430s2012 ck ado gr|||| 00| 0 spa d
020 ## - ISBN
ISBN 9789588323411
041 0# - IDIOMA
Código de idioma para texto/pista de sonido o título separado Español
044 ## - PAÍS DE PUBLICACIÓN
País de publicación Colombia
082 04 - NUMERO DE CLASIFICACION DECIMAL DEWEY
Número de clasificación 631.4
Número del ítem I24e
110 2# - ASIENTO PRINCIPAL--NOMBRE CORPORATIVO
Nombre corporativo o de jurisdicción como elemento de entrada Instituto Geográfico Agustín Codazzi
245 10 - MENCION DE TITULO
Título Estudio semidetallado de suelos y zonificación de tierras en la media y baja Guajira
Parte restante del título escala 1:25.000
Mención de responsabilidad Instituto Geográfico Agustín Codazzi
260 3# - PUBLICACION, DISTRIBUCION, ETC. (PIE DE IMPRENTA)
Lugar de publicación, distribución, etc. Bogotá
Nombre del editor, distribuidor, etc. Imprenta Nacional de Colombia
Fecha de publicación, distribución, etc. 2012
300 ## - DESCRIPCION FISICA
Extensión 832 p.
Otros detalles físicos il., fot., tablas, gráficas
Dimensiones 28 cm
Material acompañante + 1 CD-ROM; CID 034757
504 ## - NOTA DE BIBLIOGRAFIA, ETC.
Nota de bibliografía Incluye bibliografía (páginas 815 - 818)
650 #4 - ASIENTO SECUNDARIO DE MATERIA - TERMINO TEMATICO
Término temático o nombre geográfico como elemento de entrada Suelos
Subdivisión general Clasificación
Subdivisión geográfica La Guajira (Colombia)
650 #4 - ASIENTO SECUNDARIO DE MATERIA - TERMINO TEMATICO
Término temático o nombre geográfico como elemento de entrada Uso de la tierra
Subdivisión geográfica La Guajira (Colombia)
650 #4 - ASIENTO SECUNDARIO DE MATERIA - TERMINO TEMATICO
Término temático o nombre geográfico como elemento de entrada Climatología
Subdivisión geográfica La Guajira (Colombia)
650 #4 - ASIENTO SECUNDARIO DE MATERIA - TERMINO TEMATICO
Término temático o nombre geográfico como elemento de entrada Química de suelos
Subdivisión geográfica La Guajira (Colombia)
942 ## - ELEMENTOS ADICIONALES (KOHA)
Sistema de clasificación Dewey Decimal Classification
Tipo de ítem Impreso
Existencias
Withdrawn status Lost status Sistema de Clasificación Damaged status No para préstamo Colección Inventariado Ubicación Permanente Ubicación actual Fecha de adquisición Fuente de Valor Valor Total Checkouts Número topográfico Inventario / Código de Barras Date last seen Ejemplar Price effective from Forma de adquisición Tipo de material
    Dewey Decimal Classification     General Inventariado 2017 Sala Fabio Quevedo Sala Fabio Quevedo 30/04/2014 Instituto 39000.00   LB-631.4 I24e 034758 30/04/2014 Ej. 1 30/04/2014   Libro